<?xml version="1.0" encoding="UTF-8"?>
<marc:record xmlns:marc="http://www.loc.gov/MARC21/slim">
   <marc:leader>00000nam a2200000 a 4500</marc:leader>
   <marc:datafield ind1="1" ind2=" " tag="100">
      <marc:subfield code="a">Beatty, Scott</marc:subfield>
      <marc:subfield code="4">aut</marc:subfield>
      <marc:subfield code="e">Verfasser/-in</marc:subfield>
   </marc:datafield>
   <marc:datafield ind1="1" ind2=" " tag="100">
      <marc:subfield code="a">Cowsill, Alan</marc:subfield>
      <marc:subfield code="4">aut</marc:subfield>
      <marc:subfield code="e">Verfasser/-in</marc:subfield>
   </marc:datafield>
   <marc:datafield ind1=" " ind2=" " tag="653">
      <marc:subfield code="a">Superheld</marc:subfield>
   </marc:datafield>
   <marc:datafield ind1=" " ind2=" " tag="653">
      <marc:subfield code="a">Comic / Action</marc:subfield>
   </marc:datafield>
   <marc:datafield ind1="0" ind2="0" tag="245">
      <marc:subfield code="a">Marvel - The Avengers</marc:subfield>
   </marc:datafield>
   <marc:datafield ind1="0" ind2="0" tag="245">
      <marc:subfield code="b">Die größten Superhelden aller Zeiten</marc:subfield>
   </marc:datafield>
   <marc:datafield ind1="0" ind2="0" tag="245">
      <marc:subfield code="c">Beatty, Scott</marc:subfield>
   </marc:datafield>
   <marc:datafield ind1=" " ind2="1" tag="264">
      <marc:subfield code="a">München</marc:subfield>
      <marc:subfield code="b">Dorling Kindersley Verlag GmbH</marc:subfield>
   </marc:datafield>
   <marc:datafield ind1="1" ind2=" " tag="490">
      <marc:subfield code="a">Marvel</marc:subfield>
   </marc:datafield>
   <marc:datafield ind1="1" ind2=" " tag="520">
      <marc:subfield code="a">MARVEL Avengers-Fans, aufgepasst: Dieses sensationelle MARVEL Buch zeigt das Beste aus über 50 Jahren Superheldengeschichte! Hier werden sämtliche Details über das berühmte Team anhand spannender Texte enthüllt ¿ die Stärken und Schwächen der MARVEL Helden und Schurken, aktuelle Ereignisse, Schauplätze, Handlungen und Entwicklungen. Mit Original-Comic-Illustrationen! Ein MARVEL Buch, das gleichzeitig Sachgeschichte und Nachschlagewerk in einem ist ¿ das gab es bisher noch nie. Und das, obwohl die mächtigen MARVEL Superhelden schon seit den 1960er-Jahren Seite an Seite kämpfen. Die Avengers sind das berühmteste Superheldenteam der Welt ¿ bekannt aus Comic-Bänden, TV-Serien und zahlreichen Kino-Blockbustern. Dieses umfassende MARVEL Lexikon vereint endlich alle spektakulären Infos über Iron Man, Thor, Spider-Man, Hulk, Captain America &amp; Co. in chronologischer, reich bebilderter Darstellung. Wahre Comic-Liebhaber brauchen dieses ultimative MARVEL Buch! (Verlagstext)</marc:subfield>
   </marc:datafield>
   <marc:datafield ind1=" " ind2=" " tag="020">
      <marc:subfield code="a">9783831035137</marc:subfield>
      <marc:subfield code="9">9783831035137</marc:subfield>
   </marc:datafield>
   <marc:datafield ind1=" " ind2=" " tag="020">
      <marc:subfield code="a">383103513x</marc:subfield>
      <marc:subfield code="9">383103513x</marc:subfield>
   </marc:datafield>
   <marc:datafield ind1=" " ind2=" " tag="041">
      <marc:subfield code="a">ger</marc:subfield>
   </marc:datafield>
   <marc:datafield ind1=" " ind2=" " tag="300">
      <marc:subfield code="b">Illustrationen</marc:subfield>
   </marc:datafield>
   <marc:datafield ind1=" " ind2=" " tag="338">
      <marc:subfield code="a">Band</marc:subfield>
   </marc:datafield>
   <marc:datafield ind1=" " ind2=" " tag="300">
      <marc:subfield code="a">210 Seiten</marc:subfield>
   </marc:datafield>
</marc:record>
